|
|
|
|
| LEADER |
00948aam a22002658a 4500 |
| 001 |
00030084 |
| 005 |
20171026081022.0 |
| 008 |
121212s2012 ||||||viesd |
| 020 |
# |
# |
|a 9786047001316
|
| 041 |
0 |
# |
|a vie
|
| 082 |
|
|
|a 792.095 97
|b S121KH
|
| 100 |
1 |
# |
|a Đàm, Văn Hiển
|
| 245 |
1 |
0 |
|a Sân khấu dân gian
|c Đàm Văn Hiển, Trần Văn Bồn, Lê Hàm (sưu tầm, biên dịch, giới thiệu)
|
| 260 |
# |
# |
|a Hà Nội
|b Văn hóa dân tộc
|c 2012
|
| 300 |
# |
# |
|a 391 tr.
|c 21 cm.
|
| 500 |
# |
# |
|a ĐTTS ghi: Hội Văn nghệ dân gian Việt Nam
|
| 653 |
# |
# |
|a Nghệ thuật biểu diễn
|
| 653 |
# |
# |
|a Sân khấu
|
| 653 |
# |
# |
|a Văn hóa
|
| 700 |
1 |
# |
|a Lê, Hàm
|
| 700 |
1 |
# |
|a Trần, Văn Bôn
|
| 852 |
# |
# |
|b Kho đọc
|j KD.0014220
|
| 852 |
# |
# |
|j KD.0014220
|
| 910 |
|
|
|d 12/12/2012
|
| 980 |
# |
# |
|a Trung tâm Học liệu Lê Vũ Hùng, Trường Đại học Đồng Tháp
|